Biotechnologie

Enregistré dans:
Détails bibliographiques
Auteur principal: Vodrážka, Zdeněk
Format: Livre
Langue:tchèque
Publié: Praha Vysoká škola chemicko-technologická 1991
Édition:2., přeprac. vyd.
Accès en ligne:Voir à l'OPAC
Tags: Ajouter un tag
Pas de tags, Soyez le premier à ajouter un tag!

MARC

LEADER 00000nam a2200000 a 4500
005 20260127134131.0
008 131003s1991 CS 0 cze c
020 |a 8070801212 
035 |a vtls001130240 
035 |a SNK000073090 
039 9 |a 201310031158  |b VLOAD  |c 201306201740  |d VLOAD  |c 200604271022  |d mschk03  |y 200412250623  |z VLOAD 
040 |a SNK  |b slo  |c SNK  |d STUSCHK1  |e AACR2 
041 0 |a cze 
044 |a [CS] 
080 |a 663.1(075.8)  |2 1981 
100 1 |a Vodrážka, Zdeněk 
245 1 |a Biotechnologie  |c Zdeněk Vodrážka 
250 |a 2., přeprac. vyd. 
260 |a Praha  |b Vysoká škola chemicko-technologická  |c 1991 
300 |a 182 s.  |c 20 cm 
910 |a SCHK95 
919 |a 80-7080-121-2 
954 |a biotechnológia  |x učebnice vysokoškolské 
999 |c 4843  |d 4843 
942 0 0 |0 15